[Event "Asian University"]
[Site "Tornelo INT"]
[Date "2021.09.11"]
[Round "6"]
[White "Alrehaili, Ahmed Abdullah S"]
[Black "Pheephacharakan, Pinatpong"]
[Result "1-0"]
[WhiteElo "1980"]
[BlackElo "1781"]
[PlyCount "81"]
[EventDate "2021.09.10"]
[EventType "swiss (rapid)"]
[EventRounds "9"]
[EventCountry "NET"]
[SourceTitle "CBM 204 Extra"]
[Source "ChessBase"]
[SourceDate "2021.11.30"]
[SourceVersion "1"]
[SourceVersionDate "2021.11.30"]
[SourceQuality "1"]

1. e4 e6 2. d4 d5 3. Nc3 Nf6 4. e5 Nfd7 5. Nce2 c5 6. c3 Nc6 7. Nf3 Be7 8. h4 f6 9. Nf4 Nf8 10. Bd3 Qb6 11. Nh5 Rg8 12. a3 Bd7 13. exf6 gxf6 14. dxc5 Qxc5 15. Be3 Qd6 16. b4 Ng6 17. Bc5 Qc7 18. Qd2 Nce5 19. Be2 Nxf3+ 20. gxf3 Qe5 21. f4 Qe4 22. Rg1 Kf7 23. Be3 Nxh4 24. 0-0-0 Nf3 25. Rxg8 Rxg8 26. Qb2 Nh2 27. Qd2 Ng4 28. Bd4 e5 29. f3 Qg6 30. fxg4 exd4 31. Qxd4 Bxg4 32. Qxd5+ Be6 33. Qxb7 Bb3 34. Rd2 Qf5 35. Kb2 Be6 36. Qxa7 Rg2 37. Qe3 Rh2 38. Ng3 Qh3 39. f5 Bxf5 40. Nxf5 Qxf5 41. Bc4+ 1-0

[Event "Asian University"]
[Site "Tornelo INT"]
[Date "2021.09.10"]
[Round "1"]
[White "Mousavi, Seyed Khalil"]
[Black "Alrehaili, Ahmed Abdullah S"]
[Result "1-0"]
[WhiteElo "2510"]
[BlackElo "1980"]
[PlyCount "63"]
[EventDate "2021.09.10"]
[EventType "swiss (rapid)"]
[EventRounds "9"]
[EventCountry "NET"]
[SourceTitle "CBM 204 Extra"]
[Source "ChessBase"]
[SourceDate "2021.11.30"]
[SourceVersion "1"]
[SourceVersionDate "2021.11.30"]
[SourceQuality "1"]

1. c4 Nf6 2. Nc3 c5 3. Nf3 Nc6 4. e3 g6 5. d4 cxd4 6. exd4 d5 7. Be2 Bg7 8. 0-0 0-0 9. h3 h6 10. b3 Ne4 11. Bb2 Nxc3 12. Bxc3 Be6 13. c5 b6 14. b4 bxc5 15. bxc5 Qc7 16. Bd3 Bf5 17. Bxf5 gxf5 18. Rb1 Rfb8 19. Qa4 e6 20. Rb3 Rxb3 21. axb3 Qb7 22. Ra1 Rb8 23. Ra3 Kf8 24. b4 Ke7 25. Qd1 Qc7 26. Qe1 Rb7 27. Ra6 Kd7 28. Qa1 Nxb4 29. Rd6+ Kc8 30. Qa4 Nc6 31. Rxc6 Rb1+ 32. Be1 1-0

[Event "Online Olym Div4 B"]
[Site "Chess.com INT"]
[Date "2021.08.22"]
[Round "8.2"]
[White "Alrehaili, Ahmed Abdullah S"]
[Black "Matola, Ernest"]
[Result "1/2-1/2"]
[WhiteElo "1980"]
[BlackElo "1950"]
[PlyCount "114"]
[EventDate "2021.08.20"]
[EventType "team (rapid)"]
[EventRounds "11"]
[EventCountry "USA"]
[SourceTitle "CBM 203 Extra"]
[Source "ChessBase"]
[SourceDate "2021.09.30"]
[SourceVersion "1"]
[SourceVersionDate "2021.09.30"]
[SourceQuality "1"]
[WhiteTeam "Saudi Arabia"]
[BlackTeam "Malawi"]
[WhiteTeamCountry "SAU"]
[BlackTeamCountry "MWI"]

1. e4 e5 2. Nf3 Nf6 3. Nxe5 d6 4. Nf3 Nxe4 5. Nc3 Nxc3 6. dxc3 Be7 7. Be3 0-0 8. Qd2 c6 9. 0-0-0 Qa5 10. Kb1 Be6 11. c4 Qxd2 12. Rxd2 Rd8 13. Be2 Nd7 14. Nd4 Nf8 15. Nxe6 Nxe6 16. f4 d5 17. cxd5 Rxd5 18. Rxd5 cxd5 19. Rd1 d4 20. Bxd4 Nxd4 21. Rxd4 Rd8 22. Re4 Kf8 23. Kc1 g5 24. f5 Bd6 25. g3 Re8 26. Bf3 Rxe4 27. Bxe4 b6 28. Kd2 h5 29. Kd3 Ke7 30. Kc4 a5 31. c3 Bc5 32. h3 f6 33. Bf3 h4 34. gxh4 gxh4 35. b4 axb4 36. cxb4 Bf2 37. Kd5 Kd7 38. Bd1 Kc7 39. a4 Kb7 40. Be2 Ka7 41. Kc6 Be3 42. Bf3 Bf2 43. Kd7 Bd4 44. Ke6 Be5 45. Kf7 Bd4 46. Be2 Be5 47. Ke6 Bd4 48. Kd5 Be5 49. Kc6 Bg3 50. b5 Bf2 51. Bf3 Bd4 52. Kd5 Be5 53. Ke4 Bc3 54. Kf4 Be5+ 55. Kg4 Bg3 56. Kh5 Bf2 57. Kg6 Bd4 1/2-1/2

[Event "Online Olym Div4 B"]
[Site "Chess.com INT"]
[Date "2021.08.21"]
[Round "4.2"]
[White "Alrehaili, Ahmed Abdullah S"]
[Black "Methu, Joseph Muraga"]
[Result "1-0"]
[WhiteElo "1980"]
[BlackElo "2125"]
[PlyCount "77"]
[EventDate "2021.08.20"]
[EventType "team (rapid)"]
[EventRounds "11"]
[EventCountry "USA"]
[SourceTitle "CBM 203 Extra"]
[Source "ChessBase"]
[SourceDate "2021.09.30"]
[SourceVersion "1"]
[SourceVersionDate "2021.09.30"]
[SourceQuality "1"]
[WhiteTeam "Saudi Arabia"]
[BlackTeam "Kenya"]
[WhiteTeamCountry "SAU"]
[BlackTeamCountry "KEN"]

1. e4 Nf6 2. e5 Nd5 3. c4 Nb6 4. d4 d6 5. f4 g5 6. Nc3 gxf4 7. Bxf4 Bg7 8. Qh5 Nc6 9. 0-0-0 e6 10. Nf3 d5 11. c5 Nd7 12. Nxd5 exd5 13. e6 0-0 14. exd7 Bxd7 15. Qxd5 Bg4 16. Qxd8 Raxd8 17. d5 Bxf3 18. gxf3 Nd4 19. Bc4 c6 20. d6 Nxf3 21. Rhf1 Ne5 22. Bb3 b6 23. cxb6 axb6 24. Rg1 Kh8 25. Rxg7 Kxg7 26. Bxe5+ f6 27. Rg1+ Kh8 28. Bf4 c5 29. Bd5 Rd7 30. Bh6 Re8 31. Bc6 Red8 32. Bxd7 Rxd7 33. Bf8 h6 34. Rg6 Rf7 35. Be7 Kh7 36. Rg1 f5 37. d7 Rxe7 38. d8Q Rf7 39. Qg8# 1-0

[Event "FISU World University"]
[Site "Tornelo INT"]
[Date "2020.10.28"]
[Round "9.32"]
[White "Palu, Andres"]
[Black "Alrehaili, Ahmed Abdullah S"]
[Result "1/2-1/2"]
[WhiteElo "2068"]
[BlackElo "1980"]
[PlyCount "130"]
[EventDate "2020.10.26"]
[EventType "team-swiss (rapid)"]
[EventRounds "9"]
[EventCountry "NET"]
[SourceTitle "CBM 199 Extra"]
[Source "ChessBase"]
[SourceDate "2021.01.31"]
[SourceVersion "1"]
[SourceVersionDate "2021.01.31"]
[SourceQuality "1"]
[WhiteTeam "Argentina IV"]
[BlackTeam "Saudi Arabia"]
[WhiteTeamCountry "ARG"]
[BlackTeamCountry "SAU"]

1. e4 e6 2. d4 d5 3. Nd2 Nf6 4. e5 Nfd7 5. Bd3 c5 6. c3 Nc6 7. Ne2 cxd4 8. cxd4 f6 9. exf6 Nxf6 10. 0-0 Bd6 11. Nf3 0-0 12. Ng3 e5 13. dxe5 Nxe5 14. Nxe5 Bxe5 15. Qb3 Rf7 16. Bg5 Qd6 17. Rad1 Be6 18. Bxf6 Bxf6 19. Bf5 Rd8 20. Ne4 Qe7 21. Bxe6 Qxe6 22. Rfe1 Qc6 23. Rc1 Qa6 24. Nc5 Qb6 25. Qxb6 axb6 26. Nd3 Bd4 27. Rc2 Kf8 28. g3 g5 29. Kg2 Rd6 30. f4 h6 31. Rc8+ Kg7 32. Ree8 Rc6 33. Rg8+ Kf6 34. Kf3 gxf4 35. Nxf4 Bxb2 36. Nxd5+ Ke5+ 37. Nf4 Bc1 38. Rce8+ Kd4 39. Re4+ Kc3 40. Rd8 Kb2 41. a4 Rc2 42. Rd6 Rxh2 43. Rxb6+ Ka3 44. Reb4 Rc2 45. Kg4 Rg7+ 46. Kf5 Rxg3 47. Rxb7 h5 48. a5 Rb2 49. Rxb2 Bxb2 50. a6 Rg8 51. Nd5 Bd4 52. Rh7 Re8 53. Nc7 Re5+ 54. Kf4 Ra5 55. Ke4 Bb6 56. Nd5 Rxa6 57. Rxh5 Ra4+ 58. Kd3 Bd4 59. Rh3 Kb2 60. Rh2+ Kb3 61. Rh1 Bb2 62. Ne3 Rd4+ 63. Ke2 Rd8 64. Rh7 Bc3 65. Rb7+ Bb4 1/2-1/2

[Event "Asia Nations online Cup"]
[Site "Chess.com INT"]
[Date "2020.10.18"]
[Round "8.10"]
[White "Alrehaili, Ahmed Abdullah S"]
[Black "Nay, Lin Tun2222"]
[Result "1-0"]
[WhiteElo "1980"]
[BlackElo "2045"]
[PlyCount "83"]
[EventDate "2020.10.10"]
[EventType "team-swiss (rapid)"]
[EventRounds "9"]
[EventCountry "IND"]
[SourceTitle "CBM 198 Extra"]
[Source "ChessBase"]
[SourceDate "2020.11.30"]
[SourceVersion "1"]
[SourceVersionDate "2020.11.30"]
[SourceQuality "1"]
[WhiteTeam "Saudi Arabia"]
[BlackTeam "Myanmar"]
[WhiteTeamCountry "SAU"]
[BlackTeamCountry "MYA"]

1. e4 e5 2. Nf3 Nc6 3. Bc4 Nf6 4. d3 Bc5 5. 0-0 h6 6. c3 0-0 7. Nbd2 d5 8. exd5 Nxd5 9. Re1 Bg4 10. h3 Bh5 11. Ne4 Bb6 12. Ng3 Bxf3 13. Qxf3 Nf6 14. a4 a5 15. Nf5 Kh7 16. Qg3 Ne8 17. d4 Qf6 18. dxe5 Qxf5 19. Bd3 Bxf2+ 20. Qxf2 Qxd3 21. Be3 Qg6 22. Bc5 Rg8 23. Rad1 Rd8 24. Qe2 Qe6 25. Rxd8 Nxd8 26. Qd3+ g6 27. Qxd8 Ng7 28. Qxc7 Rc8 29. Qd6 Qc4 30. Bd4 Nf5 31. Qb6 Rc6 32. Qxb7 Nxd4 33. cxd4 Qxd4+ 34. Kh1 Qc4 35. e6 Rc7 36. Qxc7 Qxc7 37. e7 Qc4 38. e8Q Kg7 39. Qe5+ Kh7 40. Qf6 Qc7 41. Re7 Qc1+ 42. Kh2 1-0

[Event "Asia Nations online Cup"]
[Site "Chess.com INT"]
[Date "2020.10.18"]
[Round "7.11"]
[White "Sikivou, Taione"]
[Black "Alrehaili, Ahmed Abdullah S"]
[Result "1-0"]
[WhiteElo "1830"]
[BlackElo "1980"]
[PlyCount "107"]
[EventDate "2020.10.10"]
[EventType "team-swiss (rapid)"]
[EventRounds "9"]
[EventCountry "IND"]
[SourceTitle "CBM 198 Extra"]
[Source "ChessBase"]
[SourceDate "2020.11.30"]
[SourceVersion "1"]
[SourceVersionDate "2020.11.30"]
[SourceQuality "1"]
[WhiteTeam "Fiji"]
[BlackTeam "Saudi Arabia"]
[WhiteTeamCountry "FIJ"]
[BlackTeamCountry "SAU"]

1. e4 e6 2. d4 d5 3. Nc3 Nf6 4. e5 Nfd7 5. f4 c5 6. Nf3 Nc6 7. Be3 cxd4 8. Nxd4 Bc5 9. Qd2 a6 10. h4 0-0 11. 0-0-0 Nxd4 12. Bxd4 b5 13. Rh3 b4 14. Na4 Bxd4 15. Qxd4 Qa5 16. b3 Bb7 17. Kb1 Bc6 18. Nb2 Qc5 19. g4 Rfc8 20. Qxc5 Nxc5 21. Bd3 a5 22. f5 a4 23. Rg1 Rc7 24. f6 axb3 25. cxb3 Rca7 26. Rc1 Ra5 27. h5 gxf6 28. exf6 Bd7 29. Re3 h6 30. g5 hxg5 31. Rg3 Ne4 32. Bxe4 dxe4 33. Rc4 Re5 34. Re3 Kh7 35. Rc7 Be8 36. Nd3 Rf5 37. Nxb4 Rf1+ 38. Kb2 Rf2+ 39. Kc3 Rf3 40. Kd4 Rb8 41. a3 Rxf6 42. Kxe4 Kh6 43. Kd3 Kxh5 44. Kc3 g4 45. Nd3 Rf3 46. Rxf3 gxf3 47. b4 e5 48. Kd2 e4 49. Nf2 f5 50. Ke3 Ra8 51. Rc3 Kh4 52. Kf4 Bg6 53. Rb3 Rc8 54. Rb1 1-0

[Event "Asia Nations online Cup"]
[Site "Chess.com INT"]
[Date "2020.10.16"]
[Round "5.16"]
[White "Alrehaili, Ahmed Abdullah S"]
[Black "Sultan, Ibrahim"]
[Result "1-0"]
[WhiteElo "1980"]
[BlackElo "2076"]
[PlyCount "221"]
[EventDate "2020.10.10"]
[EventType "team-swiss (rapid)"]
[EventRounds "9"]
[EventCountry "IND"]
[SourceTitle "CBM 198 Extra"]
[Source "ChessBase"]
[SourceDate "2020.11.30"]
[SourceVersion "1"]
[SourceVersionDate "2020.11.30"]
[SourceQuality "1"]
[WhiteTeam "Saudi Arabia"]
[BlackTeam "United Arab Emirates"]
[WhiteTeamCountry "SAU"]
[BlackTeamCountry "UAE"]

1. e4 e6 2. d4 d5 3. Nc3 Nf6 4. e5 Nfd7 5. Nce2 c5 6. c3 Nc6 7. Nf3 f6 8. Nf4 Nb6 9. Bd3 g5 10. Nh5 fxe5 11. Bxg5 Be7 12. Bxe7 Qxe7 13. dxe5 Bd7 14. Nf6+ Kd8 15. Qe2 Kc7 16. g4 Be8 17. 0-0-0 Bg6 18. h4 Nd7 19. Bxg6 hxg6 20. Rxd5 Nxf6 21. exf6 Qxf6 22. Rxc5 Qf4+ 23. Qe3 Rhf8 24. Rh3 Qxg4 25. Rg3 Qf4 26. Nd4 Qxe3+ 27. fxe3 Kd6 28. Rcg5 Rf1+ 29. Kc2 Rf2+ 30. Kb3 Ne7 31. Nb5+ Kd7 32. e4 Rd2 33. Rg2 Rxg2 34. Rxg2 Rf8 35. Rd2+ Kc6 36. Nd4+ Kb6 37. Nxe6 Rh8 38. Rd6+ Nc6 39. Ng5 Rxh4 40. Rxg6 Rg4 41. e5 Rg2 42. a4 Re2 43. Nf3 Kc5 44. Ka3 Re3 45. Rf6 Nxe5 46. Rf5 Rxf3 47. Rxe5+ Kd6 48. Rb5 Kc6 49. Rh5 Rg3 50. Kb4 Rg4+ 51. c4 b6 52. Rh6+ Kb7 53. Rh7+ Ka6 54. b3 Rg3 55. Rd7 Rh3 56. Rc7 Rg3 57. Rf7 Rh3 58. Rf6 Rh4 59. a5 Rh5 60. axb6 axb6 61. Rg6 Rf5 62. Rd6 Kb7 63. Rd5 Rf3 64. Ka4 Kc6 65. Rh5 Rf4 66. Rh6+ Kb7 67. Rd6 Rg4 68. Kb5 Rg5+ 69. Rd5 Rg7 70. b4 Kc7 71. Rh5 Rf7 72. Ka6 Rf4 73. Rh7+ Kc6 74. Rh6+ Kc7 75. Kb5 Rf5+ 76. c5 bxc5 77. bxc5 Rf7 78. Ra6 Rf1 79. Ra7+ Kb8 80. Rh7 Kc8 81. Kb6 Rc1 82. Rg7 Rc2 83. Kc6 Kb8 84. Rg8+ Ka7 85. Kd6 Kb7 86. Rg7+ Kc8 87. Rc7+ Kd8 88. Rh7 Kc8 89. Kc6 Kb8 90. Rg7 Rc1 91. Rg8+ Ka7 92. Rh8 Rc2 93. Rh5 Kb8 94. Rg5 Rc1 95. Kb6 Kc8 96. Rd5 Rb1+ 97. Kc6 Rc1 98. Re5 Kb8 99. Kd6 Kc8 100. Rd5 Rc2 101. Re5 Rc1 102. Kc6 Kb8 103. Re8+ Ka7 104. Rc8 Rc2 105. Kd7 Rd2+ 106. Kc7 Rh2 107. Rd8 Rc2 108. c6 Rh2 109. Rd7 Rh8 110. Rd4 Ka6 111. Rb4 1-0

[Event "Asia Nations online Cup"]
[Site "Chess.com INT"]
[Date "2020.10.10"]
[Round "1.5"]
[White "Alrehaili, Ahmed Abdullah S"]
[Black "Mohammad Fahad, Rahman"]
[Result "0-1"]
[WhiteElo "1980"]
[BlackElo "2319"]
[PlyCount "76"]
[EventDate "2020.10.10"]
[EventType "team-swiss (rapid)"]
[EventRounds "9"]
[EventCountry "IND"]
[SourceTitle "CBM 198 Extra"]
[Source "ChessBase"]
[SourceDate "2020.11.30"]
[SourceVersion "1"]
[SourceVersionDate "2020.11.30"]
[SourceQuality "1"]
[WhiteTeam "Saudi Arabia"]
[BlackTeam "Bangladesh"]
[WhiteTeamCountry "SAU"]
[BlackTeamCountry "BAN"]

1. e4 c5 2. Nf3 d6 3. c3 Nf6 4. Bd3 Nc6 5. h3 e6 6. Bc2 d5 7. e5 Nd7 8. Ba4 c4 9. d4 cxd3 10. Qxd3 Qa5 11. Qd1 b5 12. Bb3 Qc7 13. 0-0 Ndxe5 14. Nxe5 Nxe5 15. Re1 Bb7 16. Bf4 Bd6 17. Bxe5 Bxe5 18. Qe2 Bh2+ 19. Kf1 Bd6 20. Qxb5+ Bc6 21. Qe2 0-0 22. Nd2 Rab8 23. Kg1 a5 24. Nf3 a4 25. Bc2 g6 26. Bd3 e5 27. Ba6 Qb6 28. Rab1 Ra8 29. Bd3 e4 30. Nd4 exd3 31. Qxd3 Bc5 32. Re2 Bxd4 33. Qxd4 Qxd4 34. cxd4 Bb5 35. Re7 Bc4 36. a3 Rab8 37. Ra7 Ra8 38. Rb7 Rfb8 0-1

[Event "Asia Nations online Cup"]
[Site "Chess.com INT"]
[Date "2020.10.10"]
[Round "2.14"]
[White "Salman, Ali Khan"]
[Black "Alrehaili, Ahmed Abdullah S"]
[Result "0-1"]
[WhiteElo "1681"]
[BlackElo "1980"]
[PlyCount "90"]
[EventDate "2020.10.10"]
[EventType "team-swiss (rapid)"]
[EventRounds "9"]
[EventCountry "IND"]
[SourceTitle "CBM 198 Extra"]
[Source "ChessBase"]
[SourceDate "2020.11.30"]
[SourceVersion "1"]
[SourceVersionDate "2020.11.30"]
[SourceQuality "1"]
[WhiteTeam "Pakistan"]
[BlackTeam "Saudi Arabia"]
[WhiteTeamCountry "PAK"]
[BlackTeamCountry "SAU"]

1. d4 Nf6 2. Bf4 e6 3. e3 d5 4. Bd3 Bd6 5. Bg3 b6 6. Nd2 Bb7 7. Qf3 0-0 8. Bh4 Nbd7 9. Qh3 e5 10. Bxh7+ Nxh7 11. Bxd8 Raxd8 12. Ne2 Rfe8 13. 0-0-0 c5 14. dxe5 Nxe5 15. Nf3 Ng6 16. Nc3 Nf6 17. g4 d4 18. Nb5 Bb8 19. Rhe1 a6 20. Na3 Ne4 21. Re2 b5 22. Nd2 Ng5 23. Qf1 Nf3 24. exd4 Nxd4 25. Rxe8+ Rxe8 26. Re1 Rd8 27. c3 Ne6 28. Nc2 Bf4 29. Ne3 Ne5 30. Kc2 c4 31. Rd1 Nc5 32. Ndxc4 Rxd1 33. Qxd1 bxc4 34. Qd8+ Kh7 35. Qh4+ Kg8 36. Qd8+ Kh7 37. Nd5 Ne6 38. Qh4+ Kg8 39. Nxf4 Be4+ 40. Kc1 Nxf4 41. Qd8+ Kh7 42. Qe7 a5 43. Kd2 f6 44. Ke3 Nd5+ 45. Kxe4 Nxe7 0-1